Bayer Leverkusen 2025/2026 Kader - Statistiken

Allgemein
  • Dieses Quiz wurde 36 mal gespielt
  • Das Durchschnittsergebnis liegt bei 12 aus 25
Antwortstatistiken
Position Land Trikotnummer Alter Spieler % Korrekt
Tw Niederlande 1 32 Flekken Mark
88%
Att Tschechien 14 30 Schick Patrik
72%
Mit Deutschland 8 31 Andrich Robert
69%
Ver Burkina Faso 12 27 Tapsoba Edmond
66%
Ver Brasilien 13 23 Arthur
63%
Tw Deutschland 28 34 Blaswich Janis
63%
Ver Spanien 20 30 Grimaldo Alejandro
63%
Trainer Dänemark -------------------- 53 Hjulmand Kasper
63%
Mit Algerien 30 20 Maza Ibrahim
63%
Mit Deutschland 7 33 Hofmann Jonas
59%
Mit USA 10 23 Tillman Malik
59%
Mit Spanien 24 28 Garcia Aleix
56%
Ver Frankreich 5 25 Badé Loïc
47%
Ver England 4 23 Quansah Jarell
47%
Mit Nigeria 23 26 Tella Nathan
44%
Att Frankreich 11 29 Terrier Martin
44%
Mit Argentinien 6 23 Fernández Ezequiel
38%
Mit Argentinien 25 27 Palacios Exequiel
38%
Att Niederlande 19 22 Poku Ernest
38%
Ver Spanien 21 34 Vázquez Lucas
38%
Att Kamerun 35 19 Kofane Christian
34%
Ver Deutschland 15 22 Oermann Tim
34%
Att Marokko 17 21 Ben Seghir Eliesse
22%
Mit Deutschland 42 18 Culbreath Montrell
22%
Mit Frankreich 16 18 Tape Axel
19%
Keine übereinstimmenden Quizze gefunden
Verteilung der Resultate
Anzahl Personen mit jedem Resultat
Perzentil nach korrekt beantworteten Fragen
Ihre Resultats-Entwicklung
Sie haben dieses Quiz noch nicht gespielt